000 00392 a2200157 4500
001 75163
020 _a9788508146940
040 _cAnchieta - Colégio São Paulo
100 _aBertin, Terezinha
240 1 0 _aProjeto Apis : língua portuguesa 2º ano
_lpor
245 1 0 _aProjeto Apis : língua portuguesa 2º ano
300 _a320
362 0 _a2011
650 4 _aPortuguês
942 _cBK
999 _c75163
_d75163